Nazhikakkallukal (Record no. 68936)

MARC details
000 -LEADER
fixed length control field 00398nam a2200133Ia 4500
008 - FIXED-LENGTH DATA ELEMENTS--GENERAL INFORMATION
fixed length control field 211109s9999||||xx |||||||||||||| ||und||
082 ## - DEWEY DECIMAL CLASSIFICATION NUMBER
Classification number 894.8125
Item number NAM-N
100 ## - MAIN ENTRY--PERSONAL NAME
Personal name Nampoothri, A P P
245 #0 - TITLE STATEMENT
Title Nazhikakkallukal
260 ## - PUBLICATION, DISTRIBUTION, ETC.
Name of publisher, distributor, etc. Viddyarthi Mithram Book Dipo
Place of publication, distribution, etc. Kozhikode
Date of publication, distribution, etc. 1977
630 ## - SUBJECT ADDED ENTRY--UNIFORM TITLE
General subdivision General Stack
650 ## - SUBJECT ADDED ENTRY--TOPICAL TERM
Topical term or geographic name entry element Malayalam Literature
942 ## - ADDED ENTRY ELEMENTS (KOHA)
Koha item type BOOK
650 ## - SUBJECT ADDED ENTRY--TOPICAL TERM
Form subdivision Malayalam Speeches
General subdivision LiteratureGeneralia
Holdings
Withdrawn status Lost status Damaged status Not for loan Home library Current library Date acquired Cost, normal purchase price Total Checkouts Full call number Barcode Shelving location Date last seen Price effective from Koha item type
        SB LIBRARY SB LIBRARY 09/11/2021 6.50   894.8125 NAM-N 00053089 GENERAL STACK 09/11/2021 09/11/2021 BOOK

Powered by Koha